000 00364nam a2200133Ia 4500
008 220217s9999||||xx |||||||||||||| ||und||
020 _a81-7853-036-8
082 _a005.65 REI
100 _aReilly, Douglas, J
_95326
245 0 _aInside server based applications
260 _aWP publishers
_bBangalore
_c2000
300 _b658
650 _aCOMPUTER NETWORK
999 _c176237
_d176237